000 00390nam a22001577a 4500
005 20251108175853.0
008 250721s9999 xx 000 0 eng d
082 1 4 _aJ/F/OTH
245 1 4 _aTHE OTHER SIDE OF THE WALL /
264 _bMANOJ,
300 _a16P.
650 1 7 _aFICTION
653 _aاطفال مرحلة متوسطة(6-9)سنوات
942 _2ddc
_cBK
999 _c144411
_d144411